Music Quiz

Random Music or World Quiz

Emilia 'Big World' lyrics Quiz Stats

 Plays Quiz not verified by Sporcle

Also try: Rain Songs
Challenge
Share
Tweet
Embed
Score 0/102 Timer 10:00
0 Plays Today
Answer % Correct
I'm
100%
a
100%
big
100%
big
100%
girl
100%
in
100%
a
100%
big
100%
big
100%
world
100%
It's
100%
a
100%
not
100%
big
100%
big
100%
if
100%
you
100%
me
100%
I
100%
do
100%
do
100%
that
100%
I
100%
do
100%
do
100%
you
100%
you
100%
I
100%
the
100%
It's
100%
and
100%
its
100%
the
100%
I'm
100%
Answer % Correct
I'm...
100%
it's
100%
and
100%
it
100%
it
100%
I'm...
100%
I
100%
me
100%
I
100%
thing
95.7%
leave
95.7%
but
95.7%
feel
95.7%
to
95.7%
to
95.7%
but
95.7%
can
91.3%
see
91.3%
all
91.3%
like
91.3%
all
91.3%
like
91.3%
will
87%
miss
87%
much
87%
miss
87%
much
87%
falling
87%
falling
87%
from
87%
my
87%
why
87%
have
87%
Why
87%
Answer % Correct
have
87%
have
87%
when
87%
my
87%
cold
82.6%
outside
82.6%
Outside
82.6%
tears
82.6%
are
82.6%
eyes
82.6%
did
82.6%
did
82.6%
your
82.6%
eyes
82.6%
You're
82.6%
leaf
78.3%
yellow
78.3%
so
78.3%
way
78.3%
feeling
78.3%
inside
78.3%
end?
78.3%
first
73.9%
nice
73.9%
raining
73.9%
around
73.9%
gone...
73.9%
now
69.6%
happen?
69.6%
arms
69.6%
fire
69.6%
open
69.6%
very
65.2%
warm
43.5%

You're not logged in!

Compare scores with friends on all Sporcle quizzes.
OR
Log In

You Might Also Like...

Show Comments

Extras

Created Feb 4, 2017ReportNominate
Tags:World Quiz

Top Quizzes Today


Score Distribution

Your Account Isn't Verified!

In order to create a playlist on Sporcle, you need to verify the email address you used during registration. Go to your Sporcle Settings to finish the process.

Report this User

Report this user for behavior that violates our Community Guidelines.

Details: